Complete Research on Arbitration Act 1940 Along with Relevant Laws / (Record no. 613053)
[ view plain ]
| 000 -LEADER | |
|---|---|
| fixed length control field | 00419nam a22001217a 4500 |
| 082 ## - DEWEY DECIMAL CLASSIFICATION NUMBER | |
| Classification number | 347 |
| Author Mark | JAV |
| 100 ## - MAIN ENTRY--PERSONAL NAME | |
| Personal name | Javaid, C.M. Afzal |
| 245 ## - TITLE STATEMENT | |
| Title | Complete Research on Arbitration Act 1940 Along with Relevant Laws / |
| Statement of responsibility, etc. | C.M. Afzal Javaid and Assisted by Muhammad Irfan Ul Haq Ch. |
| 260 ## - PUBLICATION, DISTRIBUTION, ETC. | |
| Place of publication, distribution, etc. | Lahore : |
| Name of publisher, distributor, etc. | Al-Haq Law Book House, |
| Date of publication, distribution, etc. | 2023. |
| 300 ## - PHYSICAL DESCRIPTION | |
| Extent | 461 p. |
| 650 ## - SUBJECT ADDED ENTRY--TOPICAL TERM | |
| Topical term or geographic name entry element | Law, Arbitration Act |
| 942 ## - ADDED ENTRY ELEMENTS (KOHA) | |
| Source of classification or shelving scheme | |
| Koha item type | Book |
| 650 ## - SUBJECT ADDED ENTRY--TOPICAL TERM | |
| -- | 128039 |
| Withdrawn status | Lost status | Source of classification or shelving scheme | Damaged status | Not for loan | Permanent Location | Current Location | Date acquired | Total Checkouts | Full call number | Barcode | Date last seen | Price effective from | Koha item type | Source of acquisition |
|---|---|---|---|---|---|---|---|---|---|---|---|---|---|---|
| NUST Law School (NLS) | NUST Law School (NLS) | 03/02/2025 | 347 JAV | NLS-267 | 03/02/2025 | 03/02/2025 | Book | |||||||
| NUST Law School (NLS) | NUST Law School (NLS) | 03/02/2025 | 347 JAV | NLS-268 | 03/02/2025 | 03/02/2025 | Book | |||||||
| NUST Law School (NLS) | NUST Law School (NLS) | 03/02/2025 | 347 JAV | NLS-269 | 03/02/2025 | 03/02/2025 | Book | |||||||
| NUST Law School (NLS) | NUST Law School (NLS) | 06/25/2025 | 347 JAV | NLS-1812 | 06/25/2025 | 06/25/2025 | Book | Pakistan Law House | ||||||
| NUST Law School (NLS) | NUST Law School (NLS) | 06/25/2025 | 347 JAV | NLS-1813 | 06/25/2025 | 06/25/2025 | Book | Pakistan Law House | ||||||
| NUST Law School (NLS) | NUST Law School (NLS) | 06/25/2025 | 347 JAV | NLS-1814 | 06/25/2025 | 06/25/2025 | Book | Pakistan Law House |
